Hezbollah : (Record no. 17204)
[ view plain ]
| 000 -LEADER | |
|---|---|
| fixed length control field | 01512cam a2200301 a 4500 |
| 001 - CONTROL NUMBER | |
| control field | 17198616 |
| 005 - DATE AND TIME OF LATEST TRANSACTION | |
| control field | 20130131161826.0 |
| 008 - FIXED-LENGTH DATA ELEMENTS--GENERAL INFORMATION | |
| fixed length control field | 120307s2012 mauab b 001 0 eng |
| 020 ## - INTERNATIONAL STANDARD BOOK NUMBER | |
| International Standard Book Number | 9780674066519 (alk. paper) |
| 082 00 - DEWEY DECIMAL CLASSIFICATION NUMBER | |
| Classification number | 324.25692084 |
| Edition number | 23 |
| Item number | AVO |
| 100 1# - MAIN ENTRY--PERSONAL NAME | |
| Personal name | Avon, Dominique. |
| 9 (RLIN) | 32292 |
| 240 10 - UNIFORM TITLE | |
| Uniform title | <a href="Hezbollah.">Hezbollah.</a> |
| Language of a work | English |
| 245 10 - TITLE STATEMENT | |
| Title | Hezbollah : |
| Remainder of title | a History of the "Party of God" / |
| Statement of responsibility, etc | Dominique Avon and Anais-Trissa Khatchadourian ; translated by Jane Marie Todd. |
| 260 ## - PUBLICATION, DISTRIBUTION, ETC. (IMPRINT) | |
| Place of publication, distribution, etc | Cambridge, Mass. : |
| Name of publisher, distributor, etc | Harvard University Press, |
| Date of publication, distribution, etc | 2012. |
| 300 ## - PHYSICAL DESCRIPTION | |
| Extent | 244 p. : |
| Other physical details | ill., maps ; |
| Dimensions | 22 cm. |
| 504 ## - BIBLIOGRAPHY, ETC. NOTE | |
| Bibliography, etc | Includes bibliographical references and index. |
| 505 0# - FORMATTED CONTENTS NOTE | |
| Formatted contents note | Introduction -- 1982/1985-1991: a militia of professional revolutionaries for the disinherited fringe -- 1999-2000: a state within the state, the Vietcong in the heart of Singapore -- 2000-2009: a model of restored pride, a contested national party -- Documents of the hezbollah: open letter, february 16, 1985; political charter, november 30, 2009. |
| 610 20 - SUBJECT ADDED ENTRY--CORPORATE NAME | |
| Corporate name or jurisdiction name as entry element | Hizballah (Lebanon) |
| General subdivision | History. |
| 9 (RLIN) | 32293 |
| 650 #0 - SUBJECT ADDED ENTRY--TOPICAL TERM | |
| Topical term or geographic name as entry element | Shiites |
| Geographic subdivision | Lebanon |
| General subdivision | Politics and government. |
| 9 (RLIN) | 32294 |
| 650 #0 - SUBJECT ADDED ENTRY--TOPICAL TERM | |
| Topical term or geographic name as entry element | Islam and politics |
| Geographic subdivision | Lebanon. |
| 9 (RLIN) | 32295 |
| 650 #0 - SUBJECT ADDED ENTRY--TOPICAL TERM | |
| Topical term or geographic name as entry element | Geopolitics |
| Geographic subdivision | Middle East. |
| 9 (RLIN) | 5170 |
| 651 #0 - SUBJECT ADDED ENTRY--GEOGRAPHIC NAME | |
| Geographic name | Lebanon |
| General subdivision | Politics and government |
| Chronological subdivision | 1975-1990. |
| 9 (RLIN) | 32296 |
| 651 #0 - SUBJECT ADDED ENTRY--GEOGRAPHIC NAME | |
| Geographic name | Lebanon |
| General subdivision | Politics and government |
| Chronological subdivision | 1990- |
| 9 (RLIN) | 32297 |
| 653 ## - INDEX TERM--UNCONTROLLED | |
| Resource For college | |
| Arrived date list | January2013 |
| 700 1# - ADDED ENTRY--PERSONAL NAME | |
| Personal name | Khatchadourian, Anais-Trissa. |
| 9 (RLIN) | 32298 |
| 700 1# - ADDED ENTRY--PERSONAL NAME | |
| Personal name | Todd, Jane Marie, |
| Dates associated with a name | 1957- |
| 9 (RLIN) | 32299 |
| 942 ## - ADDED ENTRY ELEMENTS (KOHA) | |
| Source of classification or shelving scheme | Dewey Decimal Classification |
| Item type | Book - Borrowing |
| Withdrawn status | Item status | Source of classification or shelving scheme | Damaged status | Not for loan | Vendor | Home library | Current library | Shelving location | Date acquired | Source of acquisition | Cost, normal purchase price | Serial Enumeration / chronology | Total Checkouts | Total Renewals | Full call number | Barcode | Date last seen | Date last borrowed | Koha item type |
|---|---|---|---|---|---|---|---|---|---|---|---|---|---|---|---|---|---|---|---|
| Dewey Decimal Classification | THe Middle East Observer | Central Library | Central Library | First floor | 31/01/2013 | 249.00 | 001341 | 11 | 53 | 324.25692084 AVO | 000027967 | 15/07/2025 | 07/05/2025 | Book - Borrowing |